Schaum's outline of theory and problems of electric circuits (Record no. 15876)

000 -LEADER
fixed length control field 00535nam a22001937a 4500
001 - CONTROL NUMBER
control field 15876
003 - CONTROL NUMBER IDENTIFIER
control field BD-DhUET
008 - FIXED-LENGTH DATA ELEMENTS--GENERAL INFORMATION
fixed length control field 150316b xxu||||| |||| 00| 0 eng d
040 ## - CATALOGING SOURCE
Original cataloging agency DLC
Transcribing agency DLC
Modifying agency BD-DhUET
082 ## - DEWEY DECIMAL CLASSIFICATION NUMBER
Classification number 623.01
Item number EDM/1965
100 ## - MAIN ENTRY--PERSONAL NAME
Personal name Edminister, Joseph A.
245 ## - TITLE STATEMENT
Title Schaum's outline of theory and problems of electric circuits
250 ## - EDITION STATEMENT
Edition statement 1st ed.
260 ## - PUBLICATION, DISTRIBUTION, ETC. (IMPRINT)
Place of publication, distribution, etc. New York
Name of publisher, distributor, etc. McGraw-Hill Book
Date of publication, distribution, etc. 1965
300 ## - PHYSICAL DESCRIPTION
Extent 289p.
490 ## - SERIES STATEMENT
Series statement Schaum's outline series
650 #0 - SUBJECT ADDED ENTRY--TOPICAL TERM
Topical term or geographic name as entry element Circuits : Electric : Engineering
942 ## - ADDED ENTRY ELEMENTS (KOHA)
Koha item type General Book
Holdings
Not for loan Source of classification or shelving scheme Piece designation (barcode) Price effective from Date acquired Copy number Sublocation or collection (holding branch) Shelving location Lost status Koha item type Location (home branch) Koha full call number Koha normalized classification for sorting Damaged status Withdrawn status Koha date last seen
  148042015-03-162015-03-161Central Library, BUETCirculation section General BookCentral Library, BUET623.01/EDM/1965623_010000000000000_EDM_1965  2015-03-16
  360802015-03-162015-03-162Central Library, BUETCirculation section General BookCentral Library, BUET623.01/EDM/1965623_010000000000000_EDM_1965  2015-03-16
  96032015-04-252015-04-253Central Library, BUETCirculation section General BookCentral Library, BUET623.01/EDM/1965623_010000000000000_EDM_1965  2015-04-25
  96042015-04-252015-04-254Central Library, BUETCirculation section General BookCentral Library, BUET623.01/EDM/1965623_010000000000000_EDM_1965  2015-04-25
  148062015-04-252015-04-255Central Library, BUETCirculation section General BookCentral Library, BUET623.01/EDM/1965623_010000000000000_EDM_1965  2015-04-25
  148082015-06-292015-06-296Central Library, BUETReading section Reading ItemCentral Library, BUET623.01/EDM/1965623_010000000000000_EDM_1965  2015-06-29
  96062015-07-022015-07-027Central Library, BUETReading section Reading ItemCentral Library, BUET623.01/EDM/1965623_010000000000000_EDM_1965  2015-07-02